000 00633nam a22002177a 4500
003 UA-OsUOA
001 44011
007 ta
008 20091215b un ||||| |||| 00| 0 ukr d
090 _a061(НТШ)
_bН34
942 _cBK
040 _aUA-OsUOA
_bukr
_cUA-OsUOA
_dUA-OsUOA
245 _aНаукова та видавнича діяльність Наукового Товариства імені Шевченка в Європі
300 _a526 с.
955 _a4
041 _aukr
080 _a061(НТШ)
260 _aК.
_c2007
650 7 _a0 Загальний відділ.
_2UDC
999 _c423865
_d423865